000 00896nam a22002897a 4500
001 BR6002966
003 BR-BrBNA
005 20230928083142.0
007 ta
008 230509b bl.||||| |||| 00| 0 por d
040 _aBR-BrBNA
_bpor
_cBiblioteca Nacional de Agricultura
041 _a(Por)
072 _aB50; S10
_b2110
_b/G514
090 _ 2110 BR6002966
110 1 _aSindicato da Industria de Produtos de Cacau e Balas de Sao Paulo, SP (Brasil)
_99493
245 1 _aCacau sua origem e seu valor como alimento [Theobroma cacao; Brasil]
260 3 _aSao Paulo, SP (Brasil):
_c[nd].
300 _a6 p.
500 _a9 illus. (*) Documento disponível na(o) CEPLAC, Ilheus, BA (Brazil)
650 _aHistoria
650 _aComposicao de alimento
650 _aCacau
650 _aChocolate
650 _aValor nutritivo
909 _a202309
_bLucia
_c55
_dLucia Elande
942 _cBK
999 _c11853
_d11853